000 00456nam a22001697a 4500
005 20251108165032.0
008 250721s1983 xx 000 0 ara d
082 1 4 _a956.203/طيب
100 1 _aأبو الطيب،
245 1 0 _aالقاطع الثالث من زلزال بيروت /
264 1 _aعمان :
_c1983.
300 _a270ص
650 1 7 _aتاريخ لبنان
650 1 7 _aغزو لبنان 1982
942 _2ddc
_cBK
999 _c20516
_d20516